<?xml version="1.0" encoding="UTF-8"?>
<record
    xmlns:xsi="http://www.w3.org/2001/XMLSchema-instance"
    xsi:schemaLocation="http://www.loc.gov/MARC21/slim http://www.loc.gov/standards/marcxml/schema/MARC21slim.xsd"
    xmlns="http://www.loc.gov/MARC21/slim">

  <leader>00372    a2200169   4500</leader>
  <controlfield tag="001">184815</controlfield>
  <datafield tag="020" ind1=" " ind2=" ">
    <subfield code="a">85-16-03252-3</subfield>
  </datafield>
  <datafield tag="040" ind1=" " ind2=" ">
    <subfield code="c">Magnum</subfield>
  </datafield>
  <datafield tag="100" ind1=" " ind2=" ">
    <subfield code="a">Bandeira, Pedro</subfield>
  </datafield>
  <datafield tag="240" ind1="1" ind2="0">
    <subfield code="a">Cavalgando o arco-&#xED;ris</subfield>
    <subfield code="l">por</subfield>
  </datafield>
  <datafield tag="245" ind1="1" ind2="0">
    <subfield code="a">Cavalgando o arco-&#xED;ris</subfield>
  </datafield>
  <datafield tag="300" ind1=" " ind2=" ">
    <subfield code="a">63</subfield>
  </datafield>
  <datafield tag="362" ind1="0" ind2=" ">
    <subfield code="a">2002</subfield>
  </datafield>
  <datafield tag="440" ind1=" " ind2="1">
    <subfield code="a">Moderna</subfield>
  </datafield>
  <datafield tag="697" ind1=" " ind2=" ">
    <subfield code="a">LITERATURA INFANTO-JUVENIL</subfield>
  </datafield>
  <datafield tag="942" ind1=" " ind2=" ">
    <subfield code="c">BK</subfield>
  </datafield>
  <datafield tag="952" ind1=" " ind2=" ">
    <subfield code="0">0</subfield>
    <subfield code="1">0</subfield>
    <subfield code="4">0</subfield>
    <subfield code="7">0</subfield>
    <subfield code="a">32.5</subfield>
    <subfield code="b">32.5</subfield>
    <subfield code="d">2024-06-08</subfield>
    <subfield code="l">0</subfield>
    <subfield code="o">869.2.264</subfield>
    <subfield code="p">MAG00045691</subfield>
    <subfield code="r">2024-06-08 21:03:28</subfield>
    <subfield code="w">2024-06-08</subfield>
    <subfield code="y">BK</subfield>
  </datafield>
  <datafield tag="952" ind1=" " ind2=" ">
    <subfield code="0">0</subfield>
    <subfield code="1">0</subfield>
    <subfield code="4">0</subfield>
    <subfield code="7">0</subfield>
    <subfield code="a">32.5</subfield>
    <subfield code="b">32.5</subfield>
    <subfield code="d">2024-06-08</subfield>
    <subfield code="l">0</subfield>
    <subfield code="o">869.2.264</subfield>
    <subfield code="p">MAG00045692</subfield>
    <subfield code="r">2024-06-08 21:03:28</subfield>
    <subfield code="w">2024-06-08</subfield>
    <subfield code="y">BK</subfield>
  </datafield>
  <datafield tag="952" ind1=" " ind2=" ">
    <subfield code="0">0</subfield>
    <subfield code="1">0</subfield>
    <subfield code="4">0</subfield>
    <subfield code="7">0</subfield>
    <subfield code="a">32.5</subfield>
    <subfield code="b">32.5</subfield>
    <subfield code="d">2024-06-08</subfield>
    <subfield code="l">0</subfield>
    <subfield code="o">869.2.264</subfield>
    <subfield code="p">MAG00045693</subfield>
    <subfield code="r">2024-06-08 21:03:28</subfield>
    <subfield code="w">2024-06-08</subfield>
    <subfield code="y">BK</subfield>
  </datafield>
  <datafield tag="952" ind1=" " ind2=" ">
    <subfield code="0">0</subfield>
    <subfield code="1">0</subfield>
    <subfield code="4">0</subfield>
    <subfield code="7">0</subfield>
    <subfield code="a">32.5</subfield>
    <subfield code="b">32.5</subfield>
    <subfield code="d">2024-06-08</subfield>
    <subfield code="l">0</subfield>
    <subfield code="o">869.2.264</subfield>
    <subfield code="p">MAG00045694</subfield>
    <subfield code="r">2024-06-08 21:03:28</subfield>
    <subfield code="w">2024-06-08</subfield>
    <subfield code="y">BK</subfield>
  </datafield>
  <datafield tag="952" ind1=" " ind2=" ">
    <subfield code="0">0</subfield>
    <subfield code="1">0</subfield>
    <subfield code="4">0</subfield>
    <subfield code="7">0</subfield>
    <subfield code="a">32.5</subfield>
    <subfield code="b">32.5</subfield>
    <subfield code="d">2024-06-08</subfield>
    <subfield code="l">0</subfield>
    <subfield code="o">869.2.264</subfield>
    <subfield code="p">MAG00045695</subfield>
    <subfield code="r">2024-06-08 21:03:28</subfield>
    <subfield code="w">2024-06-08</subfield>
    <subfield code="y">BK</subfield>
  </datafield>
  <datafield tag="952" ind1=" " ind2=" ">
    <subfield code="0">0</subfield>
    <subfield code="1">0</subfield>
    <subfield code="4">0</subfield>
    <subfield code="7">0</subfield>
    <subfield code="a">32.5</subfield>
    <subfield code="b">32.5</subfield>
    <subfield code="d">2024-06-08</subfield>
    <subfield code="l">0</subfield>
    <subfield code="o">869.2.264</subfield>
    <subfield code="p">MAG00045696</subfield>
    <subfield code="r">2024-06-08 21:03:29</subfield>
    <subfield code="w">2024-06-08</subfield>
    <subfield code="y">BK</subfield>
  </datafield>
  <datafield tag="952" ind1=" " ind2=" ">
    <subfield code="0">0</subfield>
    <subfield code="1">0</subfield>
    <subfield code="4">0</subfield>
    <subfield code="7">0</subfield>
    <subfield code="a">32.5</subfield>
    <subfield code="b">32.5</subfield>
    <subfield code="d">2024-06-08</subfield>
    <subfield code="l">0</subfield>
    <subfield code="o">869.2.264</subfield>
    <subfield code="p">MAG00045697</subfield>
    <subfield code="r">2024-06-08 21:03:29</subfield>
    <subfield code="w">2024-06-08</subfield>
    <subfield code="y">BK</subfield>
  </datafield>
  <datafield tag="952" ind1=" " ind2=" ">
    <subfield code="0">0</subfield>
    <subfield code="1">0</subfield>
    <subfield code="4">0</subfield>
    <subfield code="7">0</subfield>
    <subfield code="a">32.5</subfield>
    <subfield code="b">32.5</subfield>
    <subfield code="d">2024-06-08</subfield>
    <subfield code="l">0</subfield>
    <subfield code="o">869.2.264</subfield>
    <subfield code="p">MAG00045698</subfield>
    <subfield code="r">2024-06-08 21:03:29</subfield>
    <subfield code="w">2024-06-08</subfield>
    <subfield code="y">BK</subfield>
  </datafield>
  <datafield tag="952" ind1=" " ind2=" ">
    <subfield code="0">0</subfield>
    <subfield code="1">0</subfield>
    <subfield code="4">0</subfield>
    <subfield code="7">0</subfield>
    <subfield code="a">32.5</subfield>
    <subfield code="b">32.5</subfield>
    <subfield code="d">2024-06-08</subfield>
    <subfield code="l">0</subfield>
    <subfield code="o">869.2.264</subfield>
    <subfield code="p">MAG00045699</subfield>
    <subfield code="r">2024-06-08 21:03:29</subfield>
    <subfield code="w">2024-06-08</subfield>
    <subfield code="y">BK</subfield>
  </datafield>
  <datafield tag="952" ind1=" " ind2=" ">
    <subfield code="0">0</subfield>
    <subfield code="1">0</subfield>
    <subfield code="4">0</subfield>
    <subfield code="7">0</subfield>
    <subfield code="a">32.5</subfield>
    <subfield code="b">32.5</subfield>
    <subfield code="d">2024-06-08</subfield>
    <subfield code="l">0</subfield>
    <subfield code="o">869.2.264</subfield>
    <subfield code="p">MAG00045700</subfield>
    <subfield code="r">2024-06-08 21:03:29</subfield>
    <subfield code="w">2024-06-08</subfield>
    <subfield code="y">BK</subfield>
  </datafield>
  <datafield tag="952" ind1=" " ind2=" ">
    <subfield code="0">0</subfield>
    <subfield code="1">0</subfield>
    <subfield code="4">0</subfield>
    <subfield code="7">0</subfield>
    <subfield code="a">32.5</subfield>
    <subfield code="b">32.5</subfield>
    <subfield code="d">2024-06-08</subfield>
    <subfield code="l">0</subfield>
    <subfield code="o">869.2.264</subfield>
    <subfield code="p">MAG00045701</subfield>
    <subfield code="r">2024-06-08 21:03:29</subfield>
    <subfield code="w">2024-06-08</subfield>
    <subfield code="y">BK</subfield>
  </datafield>
  <datafield tag="952" ind1=" " ind2=" ">
    <subfield code="0">0</subfield>
    <subfield code="1">0</subfield>
    <subfield code="4">0</subfield>
    <subfield code="7">0</subfield>
    <subfield code="a">32.5</subfield>
    <subfield code="b">32.5</subfield>
    <subfield code="d">2024-06-08</subfield>
    <subfield code="l">0</subfield>
    <subfield code="o">869.2.264</subfield>
    <subfield code="p">MAG00045702</subfield>
    <subfield code="r">2024-06-08 21:03:29</subfield>
    <subfield code="w">2024-06-08</subfield>
    <subfield code="y">BK</subfield>
  </datafield>
  <datafield tag="952" ind1=" " ind2=" ">
    <subfield code="0">0</subfield>
    <subfield code="1">0</subfield>
    <subfield code="4">0</subfield>
    <subfield code="7">0</subfield>
    <subfield code="a">32.5</subfield>
    <subfield code="b">32.5</subfield>
    <subfield code="d">2024-06-08</subfield>
    <subfield code="l">0</subfield>
    <subfield code="o">869.2.264</subfield>
    <subfield code="p">MAG00045703</subfield>
    <subfield code="r">2024-06-08 21:03:29</subfield>
    <subfield code="w">2024-06-08</subfield>
    <subfield code="y">BK</subfield>
  </datafield>
  <datafield tag="952" ind1=" " ind2=" ">
    <subfield code="0">0</subfield>
    <subfield code="1">0</subfield>
    <subfield code="4">0</subfield>
    <subfield code="7">0</subfield>
    <subfield code="a">32.5</subfield>
    <subfield code="b">32.5</subfield>
    <subfield code="d">2024-06-08</subfield>
    <subfield code="l">0</subfield>
    <subfield code="o">869.2.264</subfield>
    <subfield code="p">MAG00045704</subfield>
    <subfield code="r">2024-06-08 21:03:29</subfield>
    <subfield code="w">2024-06-08</subfield>
    <subfield code="y">BK</subfield>
  </datafield>
  <datafield tag="952" ind1=" " ind2=" ">
    <subfield code="0">0</subfield>
    <subfield code="1">0</subfield>
    <subfield code="4">0</subfield>
    <subfield code="7">0</subfield>
    <subfield code="a">32.5</subfield>
    <subfield code="b">32.5</subfield>
    <subfield code="d">2024-06-08</subfield>
    <subfield code="l">0</subfield>
    <subfield code="o">869.2.264</subfield>
    <subfield code="p">MAG00045705</subfield>
    <subfield code="r">2024-06-08 21:03:29</subfield>
    <subfield code="w">2024-06-08</subfield>
    <subfield code="y">BK</subfield>
  </datafield>
  <datafield tag="952" ind1=" " ind2=" ">
    <subfield code="0">0</subfield>
    <subfield code="1">0</subfield>
    <subfield code="4">0</subfield>
    <subfield code="7">0</subfield>
    <subfield code="a">32.5</subfield>
    <subfield code="b">32.5</subfield>
    <subfield code="d">2024-06-08</subfield>
    <subfield code="l">0</subfield>
    <subfield code="o">869.2.264</subfield>
    <subfield code="p">MAG00045706</subfield>
    <subfield code="r">2024-06-08 21:03:29</subfield>
    <subfield code="w">2024-06-08</subfield>
    <subfield code="y">BK</subfield>
  </datafield>
  <datafield tag="952" ind1=" " ind2=" ">
    <subfield code="0">0</subfield>
    <subfield code="1">0</subfield>
    <subfield code="4">0</subfield>
    <subfield code="7">0</subfield>
    <subfield code="a">32.5</subfield>
    <subfield code="b">32.5</subfield>
    <subfield code="d">2024-06-08</subfield>
    <subfield code="l">0</subfield>
    <subfield code="o">869.2.264</subfield>
    <subfield code="p">MAG00045707</subfield>
    <subfield code="r">2024-06-08 21:03:29</subfield>
    <subfield code="w">2024-06-08</subfield>
    <subfield code="y">BK</subfield>
  </datafield>
  <datafield tag="952" ind1=" " ind2=" ">
    <subfield code="0">0</subfield>
    <subfield code="1">0</subfield>
    <subfield code="4">0</subfield>
    <subfield code="7">0</subfield>
    <subfield code="a">32.5</subfield>
    <subfield code="b">32.5</subfield>
    <subfield code="d">2024-06-08</subfield>
    <subfield code="l">0</subfield>
    <subfield code="o">869.2.264</subfield>
    <subfield code="p">MAG00045708</subfield>
    <subfield code="r">2024-06-08 21:03:29</subfield>
    <subfield code="w">2024-06-08</subfield>
    <subfield code="y">BK</subfield>
  </datafield>
  <datafield tag="952" ind1=" " ind2=" ">
    <subfield code="0">0</subfield>
    <subfield code="1">0</subfield>
    <subfield code="4">0</subfield>
    <subfield code="7">0</subfield>
    <subfield code="a">32.5</subfield>
    <subfield code="b">32.5</subfield>
    <subfield code="d">2024-06-08</subfield>
    <subfield code="l">0</subfield>
    <subfield code="o">869.2.264</subfield>
    <subfield code="p">MAG00045709</subfield>
    <subfield code="r">2024-06-08 21:03:29</subfield>
    <subfield code="w">2024-06-08</subfield>
    <subfield code="y">BK</subfield>
  </datafield>
  <datafield tag="952" ind1=" " ind2=" ">
    <subfield code="0">0</subfield>
    <subfield code="1">0</subfield>
    <subfield code="4">0</subfield>
    <subfield code="7">0</subfield>
    <subfield code="a">32.5</subfield>
    <subfield code="b">32.5</subfield>
    <subfield code="d">2024-06-08</subfield>
    <subfield code="l">0</subfield>
    <subfield code="o">869.2.264</subfield>
    <subfield code="p">MAG00045710</subfield>
    <subfield code="r">2024-06-08 21:03:29</subfield>
    <subfield code="w">2024-06-08</subfield>
    <subfield code="y">BK</subfield>
  </datafield>
  <datafield tag="952" ind1=" " ind2=" ">
    <subfield code="0">0</subfield>
    <subfield code="1">0</subfield>
    <subfield code="4">0</subfield>
    <subfield code="7">0</subfield>
    <subfield code="a">32.5</subfield>
    <subfield code="b">32.5</subfield>
    <subfield code="d">2024-06-08</subfield>
    <subfield code="l">0</subfield>
    <subfield code="o">869.2.264</subfield>
    <subfield code="p">MAG00045711</subfield>
    <subfield code="r">2024-06-08 21:03:29</subfield>
    <subfield code="w">2024-06-08</subfield>
    <subfield code="y">BK</subfield>
  </datafield>
  <datafield tag="952" ind1=" " ind2=" ">
    <subfield code="0">0</subfield>
    <subfield code="1">0</subfield>
    <subfield code="4">0</subfield>
    <subfield code="7">0</subfield>
    <subfield code="a">32.5</subfield>
    <subfield code="b">32.5</subfield>
    <subfield code="d">2024-06-08</subfield>
    <subfield code="l">0</subfield>
    <subfield code="o">869.2.264</subfield>
    <subfield code="p">MAG00045712</subfield>
    <subfield code="r">2024-06-08 21:03:29</subfield>
    <subfield code="w">2024-06-08</subfield>
    <subfield code="y">BK</subfield>
  </datafield>
  <datafield tag="952" ind1=" " ind2=" ">
    <subfield code="0">0</subfield>
    <subfield code="1">0</subfield>
    <subfield code="4">0</subfield>
    <subfield code="7">0</subfield>
    <subfield code="a">32.5</subfield>
    <subfield code="b">32.5</subfield>
    <subfield code="d">2024-06-08</subfield>
    <subfield code="l">0</subfield>
    <subfield code="o">869.2.264</subfield>
    <subfield code="p">MAG00045713</subfield>
    <subfield code="r">2024-06-08 21:03:29</subfield>
    <subfield code="w">2024-06-08</subfield>
    <subfield code="y">BK</subfield>
  </datafield>
  <datafield tag="952" ind1=" " ind2=" ">
    <subfield code="0">0</subfield>
    <subfield code="1">0</subfield>
    <subfield code="4">0</subfield>
    <subfield code="7">0</subfield>
    <subfield code="a">32.5</subfield>
    <subfield code="b">32.5</subfield>
    <subfield code="d">2024-06-08</subfield>
    <subfield code="l">0</subfield>
    <subfield code="o">869.2.264</subfield>
    <subfield code="p">MAG00045714</subfield>
    <subfield code="r">2024-06-08 21:03:29</subfield>
    <subfield code="w">2024-06-08</subfield>
    <subfield code="y">BK</subfield>
  </datafield>
  <datafield tag="952" ind1=" " ind2=" ">
    <subfield code="0">0</subfield>
    <subfield code="1">0</subfield>
    <subfield code="4">0</subfield>
    <subfield code="7">0</subfield>
    <subfield code="a">32.5</subfield>
    <subfield code="b">32.5</subfield>
    <subfield code="d">2024-06-08</subfield>
    <subfield code="l">0</subfield>
    <subfield code="o">869.2.264</subfield>
    <subfield code="p">MAG00045715</subfield>
    <subfield code="r">2024-06-08 21:03:29</subfield>
    <subfield code="w">2024-06-08</subfield>
    <subfield code="y">BK</subfield>
  </datafield>
  <datafield tag="952" ind1=" " ind2=" ">
    <subfield code="0">0</subfield>
    <subfield code="1">0</subfield>
    <subfield code="4">0</subfield>
    <subfield code="7">0</subfield>
    <subfield code="a">32.5</subfield>
    <subfield code="b">32.5</subfield>
    <subfield code="d">2024-06-08</subfield>
    <subfield code="l">0</subfield>
    <subfield code="o">869.2.264</subfield>
    <subfield code="p">MAG00045716</subfield>
    <subfield code="r">2024-06-08 21:03:29</subfield>
    <subfield code="w">2024-06-08</subfield>
    <subfield code="y">BK</subfield>
  </datafield>
  <datafield tag="952" ind1=" " ind2=" ">
    <subfield code="0">0</subfield>
    <subfield code="1">0</subfield>
    <subfield code="4">0</subfield>
    <subfield code="7">0</subfield>
    <subfield code="a">32.5</subfield>
    <subfield code="b">32.5</subfield>
    <subfield code="d">2024-06-08</subfield>
    <subfield code="l">0</subfield>
    <subfield code="o">869.2.264</subfield>
    <subfield code="p">MAG00045717</subfield>
    <subfield code="r">2024-06-08 21:03:29</subfield>
    <subfield code="w">2024-06-08</subfield>
    <subfield code="y">BK</subfield>
  </datafield>
  <datafield tag="952" ind1=" " ind2=" ">
    <subfield code="0">0</subfield>
    <subfield code="1">0</subfield>
    <subfield code="4">0</subfield>
    <subfield code="7">0</subfield>
    <subfield code="a">32.5</subfield>
    <subfield code="b">32.5</subfield>
    <subfield code="d">2024-06-08</subfield>
    <subfield code="l">0</subfield>
    <subfield code="o">869.2.264</subfield>
    <subfield code="p">MAG00045718</subfield>
    <subfield code="r">2024-06-08 21:03:29</subfield>
    <subfield code="w">2024-06-08</subfield>
    <subfield code="y">BK</subfield>
  </datafield>
  <datafield tag="952" ind1=" " ind2=" ">
    <subfield code="0">0</subfield>
    <subfield code="1">0</subfield>
    <subfield code="4">0</subfield>
    <subfield code="7">0</subfield>
    <subfield code="a">32.5</subfield>
    <subfield code="b">32.5</subfield>
    <subfield code="d">2024-06-08</subfield>
    <subfield code="l">0</subfield>
    <subfield code="o">869.2.264</subfield>
    <subfield code="p">MAG00045719</subfield>
    <subfield code="r">2024-06-08 21:03:29</subfield>
    <subfield code="w">2024-06-08</subfield>
    <subfield code="y">BK</subfield>
  </datafield>
  <datafield tag="952" ind1=" " ind2=" ">
    <subfield code="0">0</subfield>
    <subfield code="1">0</subfield>
    <subfield code="4">0</subfield>
    <subfield code="7">0</subfield>
    <subfield code="a">32.5</subfield>
    <subfield code="b">32.5</subfield>
    <subfield code="d">2024-06-08</subfield>
    <subfield code="l">0</subfield>
    <subfield code="o">869.2.264</subfield>
    <subfield code="p">MAG00045720</subfield>
    <subfield code="r">2024-06-08 21:03:29</subfield>
    <subfield code="w">2024-06-08</subfield>
    <subfield code="y">BK</subfield>
  </datafield>
  <datafield tag="952" ind1=" " ind2=" ">
    <subfield code="0">0</subfield>
    <subfield code="1">0</subfield>
    <subfield code="4">0</subfield>
    <subfield code="7">0</subfield>
    <subfield code="a">32.5</subfield>
    <subfield code="b">32.5</subfield>
    <subfield code="d">2024-06-08</subfield>
    <subfield code="l">0</subfield>
    <subfield code="o">869.2.264</subfield>
    <subfield code="p">MAG00045721</subfield>
    <subfield code="r">2024-06-08 21:03:29</subfield>
    <subfield code="w">2024-06-08</subfield>
    <subfield code="y">BK</subfield>
  </datafield>
  <datafield tag="952" ind1=" " ind2=" ">
    <subfield code="0">0</subfield>
    <subfield code="1">0</subfield>
    <subfield code="4">0</subfield>
    <subfield code="7">0</subfield>
    <subfield code="a">32.5</subfield>
    <subfield code="b">32.5</subfield>
    <subfield code="d">2024-06-08</subfield>
    <subfield code="l">0</subfield>
    <subfield code="o">869.2.264</subfield>
    <subfield code="p">MAG00045722</subfield>
    <subfield code="r">2024-06-08 21:03:29</subfield>
    <subfield code="w">2024-06-08</subfield>
    <subfield code="y">BK</subfield>
  </datafield>
  <datafield tag="952" ind1=" " ind2=" ">
    <subfield code="0">0</subfield>
    <subfield code="1">0</subfield>
    <subfield code="4">0</subfield>
    <subfield code="7">0</subfield>
    <subfield code="a">32.5</subfield>
    <subfield code="b">32.5</subfield>
    <subfield code="d">2024-06-08</subfield>
    <subfield code="l">0</subfield>
    <subfield code="o">869.2.264</subfield>
    <subfield code="p">MAG00045723</subfield>
    <subfield code="r">2024-06-08 21:03:29</subfield>
    <subfield code="w">2024-06-08</subfield>
    <subfield code="y">BK</subfield>
  </datafield>
  <datafield tag="952" ind1=" " ind2=" ">
    <subfield code="0">0</subfield>
    <subfield code="1">0</subfield>
    <subfield code="4">0</subfield>
    <subfield code="7">0</subfield>
    <subfield code="a">32.5</subfield>
    <subfield code="b">32.5</subfield>
    <subfield code="d">2024-06-08</subfield>
    <subfield code="l">0</subfield>
    <subfield code="o">869.2.264</subfield>
    <subfield code="p">MAG00045724</subfield>
    <subfield code="r">2024-06-08 21:03:29</subfield>
    <subfield code="w">2024-06-08</subfield>
    <subfield code="y">BK</subfield>
  </datafield>
  <datafield tag="952" ind1=" " ind2=" ">
    <subfield code="0">0</subfield>
    <subfield code="1">0</subfield>
    <subfield code="4">0</subfield>
    <subfield code="7">0</subfield>
    <subfield code="a">32.5</subfield>
    <subfield code="b">32.5</subfield>
    <subfield code="d">2024-06-08</subfield>
    <subfield code="l">0</subfield>
    <subfield code="o">869.2.264</subfield>
    <subfield code="p">MAG00045725</subfield>
    <subfield code="r">2024-06-08 21:03:29</subfield>
    <subfield code="w">2024-06-08</subfield>
    <subfield code="y">BK</subfield>
  </datafield>
  <datafield tag="952" ind1=" " ind2=" ">
    <subfield code="0">0</subfield>
    <subfield code="1">0</subfield>
    <subfield code="4">0</subfield>
    <subfield code="7">0</subfield>
    <subfield code="a">32.5</subfield>
    <subfield code="b">32.5</subfield>
    <subfield code="d">2024-06-08</subfield>
    <subfield code="l">0</subfield>
    <subfield code="o">869.2.264</subfield>
    <subfield code="p">MAG00045726</subfield>
    <subfield code="r">2024-06-08 21:03:29</subfield>
    <subfield code="w">2024-06-08</subfield>
    <subfield code="y">BK</subfield>
  </datafield>
  <datafield tag="952" ind1=" " ind2=" ">
    <subfield code="0">0</subfield>
    <subfield code="1">0</subfield>
    <subfield code="4">0</subfield>
    <subfield code="7">0</subfield>
    <subfield code="a">32.5</subfield>
    <subfield code="b">32.5</subfield>
    <subfield code="d">2024-06-08</subfield>
    <subfield code="l">0</subfield>
    <subfield code="o">869.2.264</subfield>
    <subfield code="p">MAG00045727</subfield>
    <subfield code="r">2024-06-08 21:03:29</subfield>
    <subfield code="w">2024-06-08</subfield>
    <subfield code="y">BK</subfield>
  </datafield>
  <datafield tag="952" ind1=" " ind2=" ">
    <subfield code="0">0</subfield>
    <subfield code="1">0</subfield>
    <subfield code="4">0</subfield>
    <subfield code="7">0</subfield>
    <subfield code="a">32.5</subfield>
    <subfield code="b">32.5</subfield>
    <subfield code="d">2024-06-08</subfield>
    <subfield code="l">0</subfield>
    <subfield code="o">869.2.264</subfield>
    <subfield code="p">MAG00045728</subfield>
    <subfield code="r">2024-06-08 21:03:29</subfield>
    <subfield code="w">2024-06-08</subfield>
    <subfield code="y">BK</subfield>
  </datafield>
  <datafield tag="999" ind1=" " ind2=" ">
    <subfield code="c">184815</subfield>
    <subfield code="d">184815</subfield>
  </datafield>
</record>
